famous female artists - Statistics

General Stats
  • This quiz has been taken 38 times
  • The average score is 4 of 7
Answer Stats
Hint Answer % Correct
she wore a meat dress at the 2010 MTV video awards lady gaga
86%
creator if All I Want For Christmas You mariah carey
86%
the queen of pop madonna
64%
she made a album called sour at the young age of 18 olivia rodrigo
56%
she dated a marvel star for three months in the year of 2016 taylor swift
56%
an MBE english singer and songwriter adele
47%
she was married to Blake Fielder-Civil for 2 years amy winehouse
19%
No matching quizzes found
Score Distribution
Percent of People with Each Score
Percentile by Number Answered
Your Score History
You have not taken this quiz